<?xml version="1.0" encoding="UTF-8"?>
<collection xmlns="http://www.loc.gov/MARC21/slim">
 <record>
  <leader>01958nam a2200205Ia 4500</leader>
  <controlfield tag="001">TDMU_30876</controlfield>
  <controlfield tag="008">210410s9999    xx            000 0 und d</controlfield>
  <datafield tag="082" ind1=" " ind2=" ">
   <subfield code="a">579.8 176</subfield>
  </datafield>
  <datafield tag="090" ind1=" " ind2=" ">
   <subfield code="b">B314</subfield>
  </datafield>
  <datafield tag="100" ind1=" " ind2=" ">
   <subfield code="a">Bitton, Gabriel</subfield>
  </datafield>
  <datafield tag="245" ind1=" " ind2="0">
   <subfield code="a">Wastewater microbiology</subfield>
  </datafield>
  <datafield tag="245" ind1=" " ind2="0">
   <subfield code="c">Gabriel Bitton</subfield>
  </datafield>
  <datafield tag="260" ind1=" " ind2=" ">
   <subfield code="a">Hoboken, N.J.</subfield>
  </datafield>
  <datafield tag="260" ind1=" " ind2=" ">
   <subfield code="b">Wiley-Blackwell</subfield>
  </datafield>
  <datafield tag="260" ind1=" " ind2=" ">
   <subfield code="c">2011</subfield>
  </datafield>
  <datafield tag="300" ind1=" " ind2=" ">
   <subfield code="a">xvi, 781 p.</subfield>
  </datafield>
  <datafield tag="520" ind1=" " ind2=" ">
   <subfield code="a">Includes bibliographical references and index; </subfield>
   <subfield code="g">1.</subfield>
   <subfield code="t">Microbial World -- </subfield>
   <subfield code="g">2.</subfield>
   <subfield code="t">Microbial Metabolism and Growth -- </subfield>
   <subfield code="g">3.</subfield>
   <subfield code="t">Role of Microorganisms in Biogeochemical Cycles -- </subfield>
   <subfield code="g">4.</subfield>
   <subfield code="t">Pathogens and Parasites in Domestic Wastewater -- </subfield>
   <subfield code="g">5.</subfield>
   <subfield code="t">Microbial Indicators of Fecal Contamination -- </subfield>
   <subfield code="g">6.</subfield>
   <subfield code="t">Microbial Source Tracking -- </subfield>
   <subfield code="g">7.</subfield>
   <subfield code="t">Wastewater Disinfection -- </subfield>
   <subfield code="g">8.</subfield>
   <subfield code="t">Introduction to Wastewater Treatment -- </subfield>
   <subfield code="g">9.</subfield>
   <subfield code="t">Activated Sludge Process -- </subfield>
   <subfield code="g">10.</subfield>
   <subfield code="t">Bulking and Foaming in Activated Sludge Plants -- </subfield>
   <subfield code="g">11.</subfield>
   <subfield code="t">Processes Based on Attached Microbial Growth -- </subfield>
   <subfield code="g">12.</subfield>
   <subfield code="t">Waste Stabilization Ponds -- </subfield>
   <subfield code="g">13.</subfield>
   <subfield code="t">Sludge Microbiology -- </subfield>
   <subfield code="g">14.</subfield>
   <subfield code="t">Anaerobic Digestion of Wastewater and Biosolids -- </subfield>
   <subfield code="g">15.</subfield>
   <subfield code="t">Biological Aerosols and Bio-odors from Wastewater Treatment Plants -- </subfield>
   <subfield code="g">16.</subfield>
   <subfield code="t">Pollution Control Biotechnology -- </subfield>
   <subfield code="g">17.</subfield>
   <subfield code="t">Fate of Xenobiotics and Toxic Metals in Wastewater Treatment Plants -- </subfield>
   <subfield code="g">18.</subfield>
   <subfield code="t">Toxicity Testing in Wastewater Treatment Plants Using Microorganisms -- </subfield>
   <subfield code="g">19.</subfield>
   <subfield code="t">Public Health Aspects of Wastewater and Biosolids Disposal on Land -- </subfield>
   <subfield code="g">20.</subfield>
   <subfield code="t">Public Health Aspects of Contamination of Recreational Waters with Wastewater -- </subfield>
   <subfield code="g">21.</subfield>
   <subfield code="t">Wastewater Reuse</subfield>
  </datafield>
  <datafield tag="650" ind1=" " ind2=" ">
   <subfield code="a">Sanitary microbiology; Water</subfield>
   <subfield code="x">Microbiology; Sewage</subfield>
   <subfield code="x">Microbiology; Water Microbiology; Water Purification</subfield>
   <subfield code="x">Methods; Vi sinh học vệ sinh; Nước</subfield>
   <subfield code="x">Vi sinh học; Nước thải</subfield>
   <subfield code="x">Vi sinh học; Vi sinh vật nước; Lọc nước</subfield>
   <subfield code="x">Phương pháp</subfield>
  </datafield>
  <datafield tag="856" ind1=" " ind2=" ">
   <subfield code="u">http://lrc.tdmu.edu.vn/opac/search/detail.asp?aID=2&amp;ID=30876</subfield>
  </datafield>
  <datafield tag="980" ind1=" " ind2=" ">
   <subfield code="a">Trung tâm Học liệu Trường Đại học Thủ Dầu Một</subfield>
  </datafield>
 </record>
</collection>
